000 00317nam a2200157Ia 4500
008 100122s9999 xx 000 0 und d
082 _b74476
_a746.54
100 _aBPI INDIA
245 _aORIGAMI
250 _a1
260 _c2008
300 _a24
630 _aORIGAMI
730 _aORIGAMI
942 _cBOOK
999 _c390516
_d390513